Statistics for Spongebob Quotes

Click here to take the quiz!

General Stats

  • This quiz has been taken 1,161 times
  • The average score is 10 of 15

Answer Stats

QuestionAnswer% Correct
"No Patrick, ____ is not an instrument." - Squidwardmayonnaise
91%
"He was so ugly, that everyone ___." - Patrickdied
84%
"My ___!" - Fredleg
83%
"Firmly ___ it!" - Patrickgrasp
77%
"I'm ___ and I'm proud." - Spongebobugly
77%
"You like ___ ___, don't you Squidward?" - Spongebobkrabby patties
71%
"Ravioli, ravioli, give me the ___." - Robot Krabsformuoli
69%
"Hello, you've reached the house of unrecognized ___." - Squidwardtalent
67%
"Don't you have to be stupid somewhere else?" "Not until ___." - Patrick4
65%
"The inner machinations of my mind are an ___." - Patrickenigma
64%
"Which one of you fellers is the real ___ ___?" - SandyDirty Dan
57%
"hahaha, it's a ____." - Patrickgiraffe
53%
"Goodbye everyone, I'll remember you all in ___." - Planktontherapy
53%
We shall never deny a ___, even the most ridiculous ___." - Mr. Krabsguest request
50%
"Fine, I guess you're gonna miss...the ___ ___." - Patrickpanty raid
43%

Score Distribution

Percentile by Number Answered

Percent of People with Each Score

Your Score History

You have not taken this quiz